Britain and the defeated French (Record no. 246102)
[ view plain ]
| 000 -LEADER | |
|---|---|
| fixed length control field | 01383nam a2200325 a 4500 |
| 100 1# - MAIN ENTRY--AUTHOR NAME | |
| Personal name | Mangold, Peter. |
| 245 10 - TITLE STATEMENT | |
| Title | Britain and the defeated French |
| 260 ## - PUBLICATION, DISTRIBUTION, ETC. (IMPRINT) | |
| Place of publication | London : |
| Name of publisher | I.B.Tauris, |
| Year of publication | 2012. |
| 300 ## - PHYSICAL DESCRIPTION | |
| Number of Pages | viii, 315 p., [9] p. of plates : |
| Other physical details | ill., ports. |
| 505 0# - FORMATTED CONTENTS NOTE | |
| Formatted contents note | pt. 1. Hitler's Diktat -- pt. 2. 'Somewhat difficult people'. |
| 856 40 - ELECTRONIC LOCATION AND ACCESS | |
| Uniform Resource Identifier | http://site.ebrary.com/lib/rucke/Doc?id=10540826 |
No items available.
